000 00368nam a22001697a 4500
003 UA-OsUOA
001 1824
007 ta
008 20050721b un ||||| |||| 00| 0 ukr d
100 _aMaychick
700 _aDiana
942 _cBK
040 _aUA-OsUOA
_cUA-OsUOA
_dUA-OsUOA
245 _aHeart to heart with Robert Wagner
_bFiction
955 _a2
650 7 _2UDC
999 _c287986
_d287986